| 000 | 00969nam a22002297 4500 | ||
|---|---|---|---|
| 999 |
_c964 _d964 |
||
| 003 | AR-BaISA | ||
| 005 | 20220603110420.0 | ||
| 007 | ta | ||
| 008 | 220603s1971 ag |||| |||| 000 0 spa d | ||
| 040 |
_bspa _cAR-BaISA |
||
| 082 | 0 | 4 |
_222 _a155.924 L144 |
| 100 | 1 |
_92274 _aLaing, Ronald David |
|
| 245 | 1 | 3 |
_aEl cuestionamiento de la familia / _cR. D. Laing |
| 260 |
_aBuenos Aires: _bPaidós, _cc1971 |
||
| 300 | _a147 p. | ||
| 490 | 1 | _aMundo moderno | |
| 504 | _aBibliografía p.: 145-147. | ||
| 505 |
_tENSAYOS: _tLa familia y la "familia" -- _tIntervención terapéutica en situaciones sociales -- _tEstudio de la familia y de los contextos sociales en relación a la "esquizofrenia" _tEL CUESTIONAMIENTO DE LA FAMILIA: _tIntroducción -- _tFamilia e invalidación -- _tArgumentos familiares -- _tOperaciones -- _tReglas y metarreglas -- _tTrasposición |
||
| 650 | 1 | 0 |
_9948 _aRelaciones familiares _xpsicología |
| 830 |
_92275 _aMundo moderno |
||
| 942 |
_2ddc _cLI _e22 |
||